Project Management : (Record no. 31711)
[ view plain ]
| 000 -LEADER | |
|---|---|
| fixed length control field | 00993mam a22003254a 4500 |
| 001 - CONTROL NUMBER | |
| control field | 3409814 |
| 003 - CONTROL NUMBER IDENTIFIER | |
| control field | OSt |
| 005 - DATE AND TIME OF LATEST TRANSACTION | |
| control field | 20211125120443.0 |
| 008 - FIXED-LENGTH DATA ELEMENTS--GENERAL INFORMATION | |
| fixed length control field | 020826s2003 nyua b 001 0 eng |
| 010 ## - LIBRARY OF CONGRESS CONTROL NUMBER | |
| LC control number | 2002032391 |
| 020 ## - INTERNATIONAL STANDARD BOOK NUMBER | |
| International Standard Book Number | 0471073237 (cloth : alk. paper) |
| 035 ## - SYSTEM CONTROL NUMBER | |
| System control number | (OCoLC)ocm50518808 |
| 038 ## - RECORD CONTENT LICENSOR | |
| Staff Name | khadija |
| 040 ## - CATALOGING SOURCE | |
| Original cataloging agency | DLC |
| Transcribing agency | DLC |
| Modifying agency | C#P |
| 042 ## - AUTHENTICATION CODE | |
| Authentication code | pcc |
| 049 ## - LOCAL HOLDINGS (OCLC) | |
| Holding library | ZCUA |
| 050 00 - LIBRARY OF CONGRESS CALL NUMBER | |
| Classification number | HD69.P75 |
| Item number | M47 2003 |
| 082 00 - DEWEY DECIMAL CLASSIFICATION NUMBER | |
| Classification number | 658.404 |
| Edition number | 21 |
| Author Mark | MER |
| 100 1# - MAIN ENTRY--PERSONAL NAME | |
| Personal name | Meredith, Jack R. |
| 9 (RLIN) | 85144 |
| 245 10 - TITLE STATEMENT | |
| Title | Project Management : |
| Remainder of title | A Managerial Approach / |
| Statement of responsibility, etc. | Jack R. Meredith, Samuel J. Mantel, Jr. |
| 250 ## - EDITION STATEMENT | |
| Edition statement | 5th ed. |
| 260 ## - PUBLICATION, DISTRIBUTION, ETC. | |
| Place of publication, distribution, etc. | New York : |
| Name of publisher, distributor, etc. | J. Wiley, |
| Date of publication, distribution, etc. | c2003. |
| 300 ## - PHYSICAL DESCRIPTION | |
| Extent | xiv, 690 p. : |
| Other physical details | ill. ; |
| Dimensions | 25 cm. + |
| Accompanying material | 1 CD-ROM (4 3/4 in.) |
| 504 ## - BIBLIOGRAPHY, ETC. NOTE | |
| Bibliography, etc. note | Includes bibliographical references and indexes. |
| 538 ## - SYSTEM DETAILS NOTE | |
| System details note | System requirements: Microsoft Project Server 2002. |
| 563 ## - BINDING INFORMATION | |
| Binding note | HB |
| 650 #0 - SUBJECT ADDED ENTRY--TOPICAL TERM | |
| Topical term or geographic name entry element | Project management. |
| 9 (RLIN) | 85145 |
| 700 1# - ADDED ENTRY--PERSONAL NAME | |
| Personal name | Mantel, Samuel J. |
| 9 (RLIN) | 85146 |
| 942 ## - ADDED ENTRY ELEMENTS (KOHA) | |
| Source of classification or shelving scheme | |
| Koha item type | Book |
| Withdrawn status | Lost status | Source of classification or shelving scheme | Damaged status | Not for loan | Permanent Location | Current Location | Shelving location | Date acquired | Full call number | Barcode | Date last seen | Price effective from | Koha item type |
|---|---|---|---|---|---|---|---|---|---|---|---|---|---|
| School of Mechanical & Manufacturing Engineering (SMME) | School of Mechanical & Manufacturing Engineering (SMME) | General Stacks | 06/30/2015 | 658.404 MER | SMME-234 | 03/27/2018 | 06/30/2015 | Book |
